02245nam a2200277 i 450000100060000000300080000600500170001400700030003100800410003404000310007508400130010610000450011924501260016426401010029030000440039133600290043533700330046433800280049750200600052550400360058552012520062154600140187365000250188765000210191270000340193342835gtgccic20241119145858.0ta241119| gt ||||| |||| 00| 0 spa d agtgccicbspacgtgccicerda 0C-73-89410aAlcain Montes, Juan Albertod1973eAutor10aAnálisis de losas de concreto reforzado por el método del marco equivalente, ACI 318-71 /cJuan Alberto Alcain Montes 1aGuatemala, Guatemala :bFacultad de Ingeniería, Universidad de San Carlos de Guatemala,c1973. a115 páginas :bIlustraciones, c27 cm 2rdacontenidoaTextobtxt 2rdamedioasin mediaciónbn 2rdasoporteavolumenbnc aIngeniero Civil,bTesis de grado,cUSAC,d1973.oC73894 aBibliografía página 101-1023 aEl método del marco equivalente es una innovación en el análisis estructural de un edificio del código ACI 318-71. El análisis de una losa por el método del marco equivalente podría compararse al análisis elástico de losas planas del código ACI 318-63. Ambos métodos permiten la simplificación de un sistema de losas tridimensionales a una serie de marcos bidimensionales equivalentes, tomados longitudinal y transversalmente a través del edificio. La diferencia fundamental estriba en que el método del marco equivalente se aplica a sistemas de losas rectangulares con o sin vigas entre soportes y tomando en cuenta el efecto de torsión de las vigas perimetrales, factor que no se consideraba en los códigos anteriores al ACI 318-71. El código ACI 318-71 introduce también el concepto del Método de Diseño Directo. Este método se utiliza para llevar a cabo el análisis de losas rectangulares con o sin vigas entre soportes, al igual que en el método del marco equivalente. Para el análisis de losas por medio del método de diseño directo, no es necesario el cálculo de rigideces, factores de transmisión, momentos fijos, sino el sistema estructural se analiza con formulas "empíricas". aEspañol14aHormigón reforzado14aLosas - Diseño10aMonzón D., HéctoreAsesor